|
|
|
แสดงรายละเอียดบรรณานุกรม |
|
|
Brief Record
: Get Marc (ISO 2709)
: E-mail record
: |
|
|
| LEADER 01174nam 2200277 a 4500 | |||
| 001 24667 | |||
| 003 ULIBM | |||
| 008 030417s2004 caua sb 001 0 eng | |||
| 082 ^a959.1^bก-พ | |||
| 100 ^aเกียรติชัย พงษ์พาณิชย์ | |||
| 245 ^aพม่าผ่าเมือง/^cเกียรติชัย พงษ์พาณิชย์ | |||
| 250 ^aพิมพ์ครั้งที่ 2 | |||
| 260 ^aกรุงเทพฯ:^bมติชน,^c2536 | |||
| 650 ^aพม่า-ประวัติศาสตร์ | |||
| 913 ^aImported by ULIBM Administrator | |||
| 949 ^aImport form external file by ULIBM system | |||
| คุณยังไม่ได้ล็อกอิน คุณสามารถมีกิจกรรมร่วมกับเว็บไซต์ได้ แต่ต้องล็อกอินก่อน :: |
|
| สถานะ | |||||||||
| 1. | หนังสือ | 959.1 ก-พ 2004 Barcode: 049664 | ►หนังสือทั่วไป | On Shelf ขอยืม | |||||
| [แสดง 1/1 รายการ] | |||||||||

| รายการใกล้เคียง ผู้แต่ง [เกียรติชัย พงษ์พาณิชย์]
หัวเรื่อง [พม่า-ประวัติศาสตร์]
|
BibComment |
| คอมเมนท์ทรัพยากรรายการนี้ |
|
|
ห้องสมุดโรงเรียนสามัคคีวิทยาคม
159 ถ.บรรพปราการ ต.เวียง อ.เมือง จ.เชียงราย 57000
โทร. 053-711018 โทรสาร 053-713003